Toán cao cấp: T3: Tích phân, phương trình vi phân, chuỗi

Đã lưu trong:
書目詳細資料
主要作者: Guy Lefort
格式: 圖書
語言:Undetermined
出版: Hà Nội
主題:
標簽: 添加標簽
沒有標簽, 成為第一個標記此記錄!
Thư viện lưu trữ: Trung tâm Học liệu Trường Đại học Cần Thơ
LEADER 00472nam a2200157Ia 4500
001 CTU_1265
008 210402s9999 xx 000 0 und d
082 |a 515 
082 |b L494/T3 
100 |a Guy Lefort 
245 0 |a Toán cao cấp: T3: Tích phân, phương trình vi phân, chuỗi 
245 0 |c Guy Lefort 
260 |a Hà Nội 
650 |a mathematical analysis 
904 |i Minh, 960813 
980 |a Trung tâm Học liệu Trường Đại học Cần Thơ